02352nam a22003017a 4500003000900000008004100009040007100050082002500121110005500146245006800201260003200269300002900301440006600330505127000396650002701666650002601693650002601719650002601745650002901771650002801800700002901828700002701857700003301884700002501917700002601942700002701968710005501995AR-CdUCM190425b ||||| |||| 00| 0 spa d aMUNICIPALIDAD PROVINCIAL DEL CUSCOcBIBLIOTECA MUNICIPAL DEL CUSCO aRev.Univ/N°105/1953 aUniversidad Nacional de San Antonio Abad del Cusco aRevista Universitaria :bÓrgano de la Universidad del Cuzco / aCusco :bH.G. Rozas,c1953. a424 páginas. :c20 cm. aRevista UniversitarianAño XLII, 2° semestre 1953, N°105. aContenido: Cuestiones internacionales. Luis Felipe Paredes. -- Papeles referentes a la revolución de 1814. Jorge Cornejo Bouroncle. -- Significado sentido y efecto de nuestra gesta emancipadora. Carlos Núñez Anavitarte. -- Edad de las calizas de la formación Yuncaypata. Carlos Kalafatovich. -- La responsabilidad de la educación en el mundo actual. Antonio Astete Abrill. -- El pensamiento científico natural natural en el Perú afines del siglo XVIII. Juan Lastres. -- Función económica de los caminos en la región del Cuzco. Octavio Linares Alencastre. -- El Dr. Ralph Steele Boggs y su clasificación del folklore. Efraín Morote Best. -- La interpretación económica de la historia. Cesar Augusto Reinaga. -- Tendencia y ritmo de la delincuencia en el Cuzco. Gustavo Núñez del Prado. -- Una ronda botánica a las cabeceras del valle de Lares. Felipe Marín Moreno. -- Análisis del Cosinga Metardaris del Cuzco. Ernesto Montesinos V. -- Paruro un sierra típica. Mario Escobar Moscoso. -- Breve informe sobre la energía atómica y sus aplicaciones pacíficas. Hans Rothgiesser. -- Colección de autores cuzqueños. Clorinda Matto de Turner. Tradiciones cuzqueñas, leyendas, biografías y hojas sueltas, primera parte. aLevantamientos andinos aGeología cusqueña aEconomía cusqueña aBotánica cusqueña aClorinda Matto de Turner aTradiciones cusqueñas aCornejo Bouroncle, Jorge aAstete Abrill, Antonio aNúñez del Prado, Gustavo aKalafatovich, Carlos aMorote Best, Efraín aEscobar Moscoso, Mario aUniversidad Nacional de San Antonio Abad del Cusco